Cultura musical; segundo año /

Guardado en:
Autor Principal: Galeano, Ernesto C
Otros Autores: Bareilles, Oscar S
Formato: Libro
Publicado: Buenos Aires : Ricordi Americana, 1955
Edición:6a. ed.
Materias:
Etiquetas: Agregar Etiqueta
Sin Etiquetas, Sea el primero en etiquetar este registro!
LEADER 00866nam a22002535a 4500
001 CEM.cems002664
005 20060220000000.0
008 130507s1955##################000#0#####d
003 CEMS
082 0 4 |a 780.7 
100 1 |a Galeano, Ernesto C 
245 1 0 |a Cultura musical; segundo año /  |c Ernesto C Galeano 
250 |a 6a. ed. 
260 |a Buenos Aires :  |b Ricordi Americana,  |c 1955 
300 |a 171 p. 
505 0 |a Historia de la m£sica argentina: la colonia; s. XIX.-Danzas folkloricas argentinas.-Cancionero argentino.-Opera.-Opera argentina.-Ballet.- Repertorio de c mara y sinf¢nico.-Verdi y Wagner.- 
653 |a Cultura musical 
653 |a Musica 
653 |a Folklore 
653 |a Opera 
653 |a Ballet 
653 |a Historia de la musica 
700 1 |a Bareilles, Oscar S 
859 |a CEMS  |b BIB. CEMS - 11 de abril  |h 780.7  |i G131a6/II  |p 7117.79  |t Ej.1